| 000 | 01077nam a22002297a 4500 | ||
|---|---|---|---|
| 005 | 20110211123857.0 | ||
| 008 | 110211t xxu||||| |||| 00| 0 mar d | ||
| 010 | _aMAR-20584 | ||
| 020 |
_a9788189634483 _c100.00 |
||
| 035 | _aMR-13242 | ||
| 037 | _bDBAD / PUB | ||
| 040 |
_aDPL _bMR |
||
| 082 | _a891.46301 | ||
| 100 |
_aवैद्य,दीपक श्रीराम _925868 |
||
| 245 |
_aफेणी / _cदीपक श्रीराम वैद्य |
||
| 246 |
_aFenni _bBy Deepak Sriram Vaid |
||
| 260 |
_aपुणे _bस्नेहवर्धन प्रकाशन _c2011 |
||
| 270 |
_a863,सदाशिव पेठ,महात्मा फुले सभागृहमार्गमागे _bपुणे _e411030 |
||
| 300 |
_a100पृ _b21सेमी(अजिल्द) |
||
| 942 |
_2ddc _cMR _h891.46301 _mवैद्यदी |
||
| 999 |
_c50501 _d50501 |
||